00465nam a2200121Ia 4500008004100000024005700041082001800098100007700116245005700193260002600250600003400276650003300310260210s9999 xx 000 0 und d a15B-146-EL, 15B-21-El, 15B-85-EL & 15B-84-EL a621.83072 JAH aJahanzeb Khan, Abdul Raffay Kashif, Sunaina Siddiqui & Sadia Shabbir 0aWireless Robot for Navigation and Obstacle Avoidance aKarachi:bUITU,c2015 aTelecommunication Engineering aBachelor of Engineering (BE)